[Event "HEM-Meister"]
[Site "Hamburg"]
[Date "2024.05.23"]
[Round "6.2"]
[White "Mondorf, Karl-Josef"]
[Black "Mandelkow, Elias"]
[Result "0-1"]
[WhiteElo "1849"]
[BlackElo "1870"]
[PlyCount "66"]
[EventDate "2024.??.??"]
[WhiteTeam "Volksdorfer SK 1948"]
[BlackTeam "Hamburger SK von 1830 eV"]

1. Nf3 g6 2. d4 Bg7 3. c4 Nf6 4. g3 O-O 5. Bg2 c6 6. O-O d5 7. cxd5 cxd5 8. Nc3 Nc6 9. Bg5 h6 10. Bf4 Bf5 11. Qb3 Na5 12. Qb4 Rc8 13. Be5 g5 14. Nd2 e6 15. Rac1 b6 16. Nb5 Nc6 17. Qa3 Nxe5 18. Rxc8 Qxc8 19. Nd6 Qc2 20. dxe5 Ng4 21. Nxf5 Qxf5 22. h3 Nxe5 23. e4 dxe4 24. Bxe4 Qxh3 25. Bg2 Qh5 26. Qxa7 Rd8 27. Be4 f5 28. Qxb6 Qe8 29. Bxf5 exf5 30. Qe3 Rxd2 31. f4 Rd3 32. Qc5 Nf3+ 33. Rxf3 Bd4+ 0-1

[Event "HEM-Meister"]
[Site "Hamburg"]
[Date "2024.05.23"]
[Round "6.3"]
[White "Keyser, Robin"]
[Black "Bracker, Arne"]
[Result "1/2-1/2"]
[WhiteElo "2194"]
[BlackElo "2289"]
[PlyCount "61"]
[EventDate "2024.??.??"]
[WhiteTeam "SK Johanneum Eppendorf"]
[BlackTeam "Hamburger SK von 1830 eV"]

1. d4 Nf6 2. Nf3 g6 3. c4 Bg7 4. Nc3 O-O 5. g3 d5 6. cxd5 Nxd5 7. Bg2 Nb6 8. O-O Nc6 9. e3 Re8 10. Nh4 e5 11. d5 Nb4 12. e4 c6 13. Qb3 Nd3 14. Be3 c5 15. Qc2 c4 16. b3 Nb4 17. Qe2 cxb3 18. axb3 Bd7 19. Rfc1 Bf8 20. Nb5 Na6 21. Nf3 Nc8 22. Nd2 Nd6 23. Nxd6 Bxd6 24. Nc4 Bb5 25. Qb2 b6 26. Bf1 Bxc4 27. Bxc4 Nb4 28. Bb5 Rf8 29. Bh6 a5 30. Bxf8 Qxf8 31. Qd2 1/2-1/2

[Event "HEM-Meister"]
[Site "Hamburg"]
[Date "2024.05.23"]
[Round "6.5"]
[White "Schell, Franz Jürgen"]
[Black "Rolf, Marco"]
[Result "1/2-1/2"]
[WhiteElo "1996"]
[BlackElo "2051"]
[PlyCount "50"]
[EventDate "2024.??.??"]
[WhiteTeam "Bramfelder SK 1947 e.V."]
[BlackTeam "TV Fischbek Suederelbe"]

1. Nf3 d5 2. g3 Nf6 3. Bg2 c5 4. c4 d4 5. e3 Nc6 6. exd4 cxd4 7. d3 e5 8. O-O Bd6 9. Re1 O-O 10. a3 a5 11. Bg5 h6 12. Bxf6 Qxf6 13. Nbd2 Qe7 14. c5 Bxc5 15. Nxe5 Nxe5 16. f4 Bg4 17. Qc2 f6 18. fxe5 fxe5 19. Nc4 Bd6 20. Nxd6 Qxd6 21. Bxb7 Rab8 22. Bg2 Bf5 23. Re2 a4 24. Rae1 Rfe8 25. Be4 Bxe4 1/2-1/2

[Event "HEM-Meister"]
[Site "Hamburg"]
[Date "2024.05.23"]
[Round "6.4"]
[White "Schroeder, Christoph"]
[Black "Malchereck, Zion"]
[Result "1/2-1/2"]
[WhiteElo "2183"]
[BlackElo "1968"]
[PlyCount "90"]
[EventDate "2024.??.??"]
[WhiteTeam "SK Johanneum Eppendorf"]
[BlackTeam "Hamburger SK von 1830 eV"]

1. d4 Nf6 2. c4 g6 3. Nc3 Bg7 4. e4 d6 5. Be2 O-O 6. Be3 c5 7. Nf3 Ng4 8. Bg5
Nc6 9. d5 Nce5 10. Nd2 h6 11. Bh4 a6 12. O-O Re8 13. h3 Nf6 14. f4 Ned7 15. Qc2
Qc7 16. Rae1 b6 17. g4 Nh7 18. Nf3 Bb7 19. Bd3 e5 20. dxe6 Rxe6 21. Nd5 Bxd5
22. exd5 Ree8 23. Bg3 Nhf6 24. Kg2 b5 25. Rxe8+ Rxe8 26. Re1 Rxe1 27. Bxe1 b4
28. Qa4 a5 29. Bh4 Ne8 30. b3 Bf6 31. Bg3 Kg7 32. g5 Be7 33. h4 f5 34. gxh6+
Kxh6 35. Ng5 Bxg5 36. fxg5+ Kg7 37. h5 Qd8 38. Bf4 Kh7 39. Qc6 Qe7 40. Kf3 Kg7
41. Bc2 Ne5+ 42. Bxe5+ Qxe5 43. Qd7+ Kf8 44. hxg6 Qc3+ 45. Kf4 Qe5+ 1/2-1/2